000 01267nam0a2200313 4500
001 RU\NLR\bibl\46611
005 20260405055628.0
010 _a5-89077-052-7
_95000
021 _aRU
_b99-25793
_91258
035 _a(NLR Aleph) 000045460
090 _a240583
_c240583
100 _a19990909d1999 |||y0rusy50 ca
101 0 _arus
102 _aRU
105 _ay |||||||||
200 1 _aЛечебное питание при внутренних болезнях
_fВ.А. Доценко
210 _aСПб.
_cАтон
_d1999
215 _a400 с.
_d20
225 1 _aПуть к долголетию
300 _aНа 4-й с. обл. авт.: Доценко В.А., д. мед. н., проф., чл.-кор. Акад. естеств. наук России
606 0 _aВнутренние болезни
_jСправочники
_xЛечебное питание
_91313073
_3RU\NLR\auth\66228418
686 _aР41-51я22
700 1 _4070
_8rus
_7ca
_aДоценко
_bВ.А.
_cд-р мед. наук
_gВладимир Антонович
_3RU\NLR\auth\7719124
_92197
801 0 _aRU
_bNLR
_c19990909
_gPSBO
801 1 _aRU
_bNLR
_c19990909
852 _aNLR
_j99-3/10335
942 _cBOOK
980 _aNB